000 01323nam a2200349 c 4500
999 _c63059
_d63059
003 BLK
005 20190729102100.0
008 180408b bul|||||r ||||||| ||bul||
010 _aKNG00067287000
020 _a954-459-918-5
040 _aBLK
041 _aBUL
_cBUL
080 _aЛитература на отделни езици и езикови семейства
_b821
_x-93-34
_z821-93-34
139 _a[Седемдесет и седем] 77 приказки от цял свят
_bС 30
245 1 0 _a[Седемдесет и седем] 77 приказки от цял свят
_cпрев. Ели Доник Буздрева.
250 _a2. изд.
257 _aSB
260 _bХермес
_c2006
_fХасково : Полиграфюг
300 _a448 с.
_c24 см
380 _aDX
490 1 _aИмало едно време
500 _a1. изд. 1999. - Офс. изд.
653 _aприказки
653 _aлитература за деца
653 _aдетска литература
700 1 _aБуздрева, Ели Доник
_eпрев.
_943711
852 _aЦб 228493
856 4 _qpdf
856 4 _qpdf
942 _cKNG
_n0
_03
_s1
944 _aCR
_c27.07.2006
_lф /
_kЛюдмила_Стоянова
944 _aED
_c15.10.2012
_lф /
999 _d63059